| 000 | 00661nam a22002057a 4500 | ||
|---|---|---|---|
| 005 | 20180618153536.0 | ||
| 008 | 180618b xxu||||| |||| 00| 0 eng d | ||
| 020 | _a8170140188 | ||
| 035 | _aA-791012 | ||
| 037 | _bBPPD/PUB | ||
| 040 |
_adpl _bEnglish |
||
| 082 | _a651.3741 | ||
| 100 | _aGhosh, Prasanta K. | ||
| 245 |
_aTextbook of company secretarial practice / _cby Prasanta K. Ghosh; revised by V. Balachandran |
||
| 260 |
_aNew Delhi _bSultan Chand _c1996 |
||
| 270 |
_a23, Daryaganj _bNew Delhi _e110 002 _k3278659 |
||
| 300 |
_aviii, 554p. _c23cm(HB) |
||
| 700 | _aBalachandran, V. | ||
| 942 |
_adpl _cEN _2ddc _mGHO _h651.3741 |
||
| 999 |
_c152797 _d152797 |
||